| 000 | 00820nam a22002535a 4500 | ||
|---|---|---|---|
| 001 | 60041 | ||
| 005 | 20260317164745.0 | ||
| 008 | 200923s2018 ck gr 000 fdspa d | ||
| 020 | _a9789584271761 | ||
| 040 |
_aCO-BoBLA _bspa _cCO-BoBLA _erda |
||
| 082 | 0 | 4 |
_aCo863.6 _bM539ve _223 |
| 084 | _aN MEN1 | ||
| 100 | 0 |
_aMendoza, Mario, _d1964- _965101 _eautor |
|
| 245 | 1 | 3 |
_aEl mensajero de Agartha 10: _bel verdadero horror del lobo feroz / _cMario Mendoza. |
| 250 | _aTercera edición | ||
| 264 | 4 |
_aBogotá : _bEditorial Planeta Colombia, _c2023 |
|
| 300 |
_a182 páginas ; _c21 cm. |
||
| 336 |
_atexto _btxt _2rdacontenido |
||
| 337 |
_ano mediado _bn _2rdamedio |
||
| 338 |
_avolumen _bnc _2rdasoporte |
||
| 490 | 1 |
_aEl mensajero de Agartha _v10 |
|
| 650 | 7 |
_aNovela juvenil. _2BLAAUTO _9315 |
|
| 942 | _cBKLIT | ||
| 999 |
_c60041 _d60041 |
||